00616nam a22001697a 4500010001500000020002700015035001400042037000900056082001300065100003400078245006600112260004700178300004500225942002700270999001900297952013000316 aENG-143625 a9788123022147c1900.00 aEN-127157 bDBAD a347.0954 aSupreme Court of India977264 aCourts of India: Past to Present /cby Supreme Court of India bPublications Division Govt. of Indiac2016 a512p.:bIllustrations; Colourc29cm.(Hb) 2ddccENh347.0954mSUP c208868d208868 001040708REFaLbLd2025-01-29eDBADg1900.00l0o347.0954 SUPpEN-127157r2025-01-29 00:00:00t1v1900.00w2025-01-29yEN